| 000 | 00363nam a22001457a 4500 | ||
|---|---|---|---|
| 999 |
_c7870 _d7870 |
||
| 003 | OSt | ||
| 005 | 20200527134141.0 | ||
| 008 | 200527b ||||| |||| 00| 0 eng d | ||
| 020 | _a9780745648972 | ||
| 082 |
_a711 _bTON |
||
| 100 | _a Tonkiss, Fran | ||
| 245 | _aCities by design : the social life of urban form | ||
| 260 |
_bPolity _cJanuary 21, 2014 |
||
| 942 | _2ddc | ||